[Nuove applicazini del calcolo delle probabilitá allo studio dei fenomeni statistici, e distribuzione dei matrimoni secondo l'età degli sposi] / (Record no. 161952)

MARC details
000 -LEADER
campo de control de longitud fija 00840nam a22001935i 4500
001 - NÚMERO DE CONTROL
campo de control 161952
003 - IDENTIFICADOR DE NÚMERO DE CONTROL
campo de control ES-MaACL
005 - FECHA Y HORA DE LA ÚLTIMA TRANSACCIÓN
campo de control 20230906212406.0
008 - DATOS DE LONGITUD FIJA--INFORMACIÓN GENERAL
campo de control de longitud fija 041029q18791885xx |||| | ita d
040 ## - FUENTE DE CATALOGACIÓN
Centro catalogador/agencia de origen CAM
Lengua de catalogación spa
Centro/agencia transcriptor CAM
100 1# - ENTRADA PRINCIPAL--NOMBRE DE PERSONA
Nombre de persona Perozzo, Luigi.
9 (RLIN) 131037
245 10 - MENCIÓN DEL TÍTULO
Título [Nuove applicazini del calcolo delle probabilitá allo studio dei fenomeni statistici, e distribuzione dei matrimoni secondo l'età degli sposi] /
Mención de responsabilidad, etc. [memoria de Luigi Perozzo].
260 ## - PUBLICACIÓN, DISTRIBUCIÓN, ETC.
Lugar de publicación, distribución, etc. [S.l. :
Nombre del editor, distribuidor, etc. s.n.,
Fecha de publicación, distribución, etc. s.a.]
300 ## - DESCRIPCIÓN FÍSICA
Extensión 9 p., 8 h. de lám ;
Dimensiones 30 cm.
594 ## - Nota al título y mención de responsabilidad
Nota al título y mención de responsabilidad Título y autor tomado del principio del texto.
596 ## - NOTA AL PIE DE IMPRENTA
NOTA AL PIE DE IMPRENTA El texto hace referencia a los años 1877 y 1878.
650 #4 - PUNTO DE ACCESO ADICIONAL DE MATERIA--TÉRMINO DE MATERIA
Término de materia o nombre geográfico como elemento de entrada Estadística.
9 (RLIN) 12520
852 ## - LOCALIZACIÓN
Ubicación ES-MaACL
Número de control de estantería T-787-F-19
Nota libre -- Enc. hol.
condición física -- Falto de la cub. original
-- -- Ejemplar falto de portada
Nota libre -- Enc. en un vol. facticio
Holdings
Estatus retirado Estado de pérdida Estado de daño No para préstamo Colección Biblioteca de origen Biblioteca actual Ubicación en estantería Fecha de adquisición Total de préstamos Signatura topográfica completa Código de barras Visto por última vez Precio de reemplazo Tipo de ítem Koha
        Colección de folletos Biblioteca del Ateneo de Madrid Biblioteca del Ateneo de Madrid Depósito folletos 17/01/2008   T-787-F-19 1169650 23/02/2023 23/02/2023 Folleto